[Event "HUN-chT2 Barcza 2122"]
[Site "Hungary"]
[Date "2022.03.20"]
[Round "8.7"]
[White "Gnaj, Jozsef"]
[Black "Herczeg, Marcell"]
[Result "0-1"]
[WhiteElo "1594"]
[BlackElo "1974"]
[PlyCount "94"]
[EventDate "2021.10.10"]
[EventType "team-tourn"]
[EventRounds "9"]
[EventCountry "HUN"]
[SourceTitle "EXT 2025"]
[Source "ChessBase"]
[SourceDate "2024.10.14"]
[SourceVersion "1"]
[SourceVersionDate "2024.10.14"]
[SourceQuality "1"]
[WhiteTeam "Debrecen Sakkiskola II"]
[BlackTeam "Miskolc KisBocsok"]
[WhiteTeamCountry "HUN"]
[BlackTeamCountry "HUN"]

1. e4 c5 2. Nf3 e6 3. Bc4 Nc6 4. Nc3 Be7 5. a3 d6 6. d3 Nf6 7. 0-0 0-0 8. h3 a6 9. Ne2 d5 10. exd5 exd5 11. Ba2 h6 12. Bd2 b5 13. Re1 Bb7 14. Ng3 Qd7 15. c3 Bd6 16. Nf1 d4 17. N1h2 Qf5 18. Bb1 Rfe8 19. Bc2 Bf4 20. Bxf4 Qxf4 21. Qd2 Qd6 22. Rxe8+ Rxe8 23. Re1 Ne5 24. Nxe5 Rxe5 25. Rxe5 Qxe5 26. Bd1 dxc3 27. bxc3 Qd6 28. Qc2 Bc8 29. Be2 Bf5 30. Qd1 Nd5 31. Qd2 Nf4 32. d4 cxd4 33. cxd4 Qxd4 34. Qd1 Nxe2+ 35. Qxe2 Qa1+ 36. Nf1 Qxa3 37. Qe8+ Qf8 38. Qc6 Qc8 39. Qf3 Be6 40. Ne3 b4 41. Qe2 Qb7 42. Qb2 a5 43. f4 Qe4 44. Qf2 b3 45. f5 b2 46. fxe6 b1Q+ 47. Nf1 Qxe6 0-1